00680 2200229 4500001002100000005001700021008004100038020001800079035002500097040001200122082001000134090002000144100001600164245011100180250001100291260003100302300003100333504003100364650002200395850001200417999002100429YOGYA-1012000000009120150211132017.0 ind  a979-911-139-0 a0010-101200000000091 aYOPDYOG a158.7 aDEP 158.7 EDI T aEDI WARSIDI aTeknik Membaca Pikiran Orang Lain Sejelas Membaca Buku /cEdi Warsidi ; penyunting, Asep Dixigraf dan Nuno aCet. 1 aYogyakartabMedpressc2012 ax, 118 hlm.bilus.c19 cm. aBibliografi : hlm. 115-116 aPsikologi Terapan aYOPDYOG aCB-D.11-2012-559